Sacramenta: bibliographia internatinalis
Guardat en:
| Autor principal: | |
|---|---|
| Format: | Llibre |
| Idioma: | alemany espanyol anglès italià francès |
| Publicat: |
Roma
Pontificia Universita Gregoriana
1992
|
| Matèries: | |
| Etiquetes: |
Afegir etiqueta
Sense etiquetes, Sigues el primer a etiquetar aquest registre!
|
MARC
| LEADER | 00000nam a2200000 a 4500 | ||
|---|---|---|---|
| 001 | UCI3883 | ||
| 003 | CL-VaPUC | ||
| 008 | 071130e19920000IT |||||||||||||||||ger|d | ||
| 020 | |a 8876526420v.1 | ||
| 020 | |a 8876526439v.2 | ||
| 020 | |a 8876526447v.3 | ||
| 020 | |a 8876526455v.4 | ||
| 020 | |a 8876529144v.5 | ||
| 020 | |a 8876529225v.6 | ||
| 020 | |a 8876529365v.7 | ||
| 041 | 0 | 7 | |a ger |2 CL-VaPUC |
| 041 | 0 | 7 | |a spa |2 CL-VaPUC |
| 041 | 0 | 7 | |a eng |2 CL-VaPUC |
| 041 | 0 | 7 | |a ita |2 CL-VaPUC |
| 041 | 0 | 7 | |a fre |2 CL-VaPUC |
| 082 | 0 | 4 | |a 234.16 |b ZIT |2 21 |
| 100 | 0 | |a Zitnik, Maksimilijan |e author |9 525409 | |
| 245 | 1 | 0 | |a Sacramenta: bibliographia internatinalis |
| 300 | |a v | ||
| 942 | |c BK | ||
| 945 | |d 20071130 00:00:00 |a jtorresc | ||
| 260 | |a Roma |b Pontificia Universita Gregoriana |c 1992 | ||
| 500 | |a v.1: A-G | ||
| 500 | |a v.2: H-Q | ||
| 500 | |a v.3: R-Z | ||
| 500 | |a v.4: Indices | ||
| 500 | |a v.5: Continuatio A-K | ||
| 500 | |a v.6: Continuatio L-Z | ||
| 500 | |a v.7: Continuatio Indices | ||
| 650 | 0 | |a Sacramentos |9 257270 | |
| 650 | 0 | |a Iglesia Católica |9 256114 | |
| 650 | 7 | |a LITURGIA |2 CL-VaPUC |9 525410 | |
| 650 | 7 | |a BIBLIOGRAFIA |2 CL-VaPUC |9 256175 | |
| 583 | |a last modification |c 20071130 00:00:00 |k Rodrigo Vera | ||
| 999 | |c 327915 |d 327913 | ||
| 952 | |0 0 |1 0 |4 0 |6 234_160000000000000_ZIT_1992 |7 0 |8 F |9 411469 |a BIBTEO |b BIBTEO |d 2019-11-22 |h v.1 |i 4393287 |o 234.16 ZIT 1992 |p 4393287 |r 2025-01-17 |w 2019-11-22 |y BK_F |k ICR | ||
| 952 | |0 0 |1 0 |4 0 |6 234_160000000000000_ZIT_1992 |7 0 |8 F |9 411470 |a BIBTEO |b BIBTEO |d 2019-11-22 |h v.2 |i 4393295 |o 234.16 ZIT 1992 |p 4393295 |r 2025-01-17 |w 2019-11-22 |y BK_F |k ICR | ||
| 952 | |0 0 |1 0 |4 0 |6 234_160000000000000_ZIT_1992 |7 0 |8 F |9 411471 |a BIBTEO |b BIBTEO |d 2019-11-22 |h v.3 |i 4393309 |o 234.16 ZIT 1992 |p 4393309 |r 2025-01-17 |w 2019-11-22 |y BK_F |k ICR | ||
| 952 | |0 0 |1 0 |4 0 |6 234_160000000000000_ZIT_1992 |7 0 |8 F |9 411472 |a BIBTEO |b BIBTEO |d 2019-11-22 |h v.4 |i 4393317 |o 234.16 ZIT 1992 |p 4393317 |r 2025-01-17 |w 2019-11-22 |y BK_F |k ICR | ||
| 952 | |0 0 |1 0 |4 0 |6 234_160000000000000_ZIT_1992 |7 0 |8 F |9 411473 |a BIBTEO |b BIBTEO |d 2019-11-22 |h v.5 |i 4393325 |o 234.16 ZIT 1992 |p 4393325 |r 2025-01-17 |w 2019-11-22 |y BK_F |k ICR | ||
| 952 | |0 0 |1 0 |4 0 |6 234_160000000000000_ZIT_1992 |7 0 |8 F |9 411474 |a BIBTEO |b BIBTEO |d 2019-11-22 |h v.6 |i 4393333 |o 234.16 ZIT 1992 |p 4393333 |r 2025-01-17 |w 2019-11-22 |y BK_F |k ICR | ||
| 952 | |0 0 |1 0 |4 0 |6 234_160000000000000_ZIT_1992 |7 0 |8 F |9 411475 |a BIBTEO |b BIBTEO |d 2019-11-22 |h v.7 |i 4393341 |o 234.16 ZIT 1992 |p 4393341 |r 2025-01-17 |w 2019-11-22 |y BK_F |k ICR | ||